000
00205 a2200097 4500
001
13810
100
_a
Durell C V
245
_a
Graph Book
260
_a
London
_b
G Bell & Sons Ltd
_c
090
_c
10793
_d
10793
942
_a
NUST-CAE
_c
M
_c
884
999
_c
248883
_d
248883